<?xml version="1.0" encoding="UTF-8"?>
<record
    xmlns:xsi="http://www.w3.org/2001/XMLSchema-instance"
    xsi:schemaLocation="http://www.loc.gov/MARC21/slim http://www.loc.gov/standards/marcxml/schema/MARC21slim.xsd"
    xmlns="http://www.loc.gov/MARC21/slim">

  <leader>01378nam a22002897a 4500</leader>
  <datafield tag="999" ind1=" " ind2=" ">
    <subfield code="c">23570</subfield>
    <subfield code="d">23570</subfield>
  </datafield>
  <controlfield tag="003">AR-CdUCM</controlfield>
  <controlfield tag="008">260331b2023    pe ||||| |||| 00| 0 esp d</controlfield>
  <datafield tag="020" ind1=" " ind2=" ">
    <subfield code="a">978-612-00-9222-4</subfield>
  </datafield>
  <datafield tag="040" ind1=" " ind2=" ">
    <subfield code="a">MUNICIPALIDAD PROVINCIAL DEL CUSCO</subfield>
    <subfield code="c">BIBLIOTECA MUNICIPAL DEL CUSCO</subfield>
  </datafield>
  <datafield tag="082" ind1=" " ind2=" ">
    <subfield code="a">613.2 /</subfield>
    <subfield code="b">V75</subfield>
  </datafield>
  <datafield tag="100" ind1=" " ind2=" ">
    <subfield code="a">Vizcarra Gambarte, Jorge Pablo</subfield>
  </datafield>
  <datafield tag="245" ind1=" " ind2=" ">
    <subfield code="a">Obesidad :</subfield>
    <subfield code="b">Ensayo /</subfield>
  </datafield>
  <datafield tag="260" ind1=" " ind2=" ">
    <subfield code="a">Cusco - Per&#xFA; :</subfield>
    <subfield code="b">Vizcarra Gambarte, Jorge Pablo,</subfield>
    <subfield code="c">2023.</subfield>
  </datafield>
  <datafield tag="300" ind1=" " ind2=" ">
    <subfield code="a">141 p&#xE1;ginas. :</subfield>
    <subfield code="c">15 x 20 cm.</subfield>
  </datafield>
  <datafield tag="500" ind1=" " ind2=" ">
    <subfield code="z">p&#xE1;ginas 133 - 140</subfield>
  </datafield>
  <datafield tag="505" ind1=" " ind2=" ">
    <subfield code="a">Contenido: La obesidad como factor biol&#xF3;gico, social y ps&#xED;quico de morbi-mortalidad -- Culturizaci&#xF3;n e inmigraci&#xF3;n &#xBF;Hay diferencias entre obesos? -- Obesidad como factor  de desigualdad social -- Un negocio paralelo -- La traici&#xF3;n  de la tradici&#xF3;n...la Venus de Willendorf -- Como estigma y factor de discriminaci&#xF3;n -- La velocidad de la vida...la comida r&#xE1;pida -- Planeta hambriento, opulento -- El significado de ser -- Tan odiada, tan querida...la insulina -- Dime con qui&#xE9;n andas, el colesterol....

</subfield>
  </datafield>
  <datafield tag="650" ind1=" " ind2=" ">
    <subfield code="a">Obesidad</subfield>
    <subfield code="9">36519</subfield>
  </datafield>
  <datafield tag="650" ind1=" " ind2=" ">
    <subfield code="a">Tiroides</subfield>
    <subfield code="9">43392</subfield>
  </datafield>
  <datafield tag="650" ind1=" " ind2=" ">
    <subfield code="a">Sedentarismo</subfield>
    <subfield code="9">12198</subfield>
  </datafield>
  <datafield tag="650" ind1=" " ind2=" ">
    <subfield code="a">Depresi&#xF3;n</subfield>
    <subfield code="9">37049</subfield>
  </datafield>
  <datafield tag="650" ind1=" " ind2=" ">
    <subfield code="a">Envejecimiento</subfield>
    <subfield code="9">52447</subfield>
  </datafield>
  <datafield tag="650" ind1=" " ind2=" ">
    <subfield code="a">Papel terap&#xE9;utico </subfield>
    <subfield code="9">52448</subfield>
  </datafield>
  <datafield tag="650" ind1=" " ind2=" ">
    <subfield code="a">Enfoque</subfield>
    <subfield code="9">52449</subfield>
  </datafield>
  <datafield tag="942" ind1=" " ind2=" ">
    <subfield code="2">ddc</subfield>
    <subfield code="c">LIBROS</subfield>
  </datafield>
  <datafield tag="945" ind1=" " ind2=" ">
    <subfield code="a">jmcs</subfield>
    <subfield code="d">31/03/2026</subfield>
  </datafield>
  <datafield tag="952" ind1=" " ind2=" ">
    <subfield code="0">0</subfield>
    <subfield code="2">ddc</subfield>
    <subfield code="4">0</subfield>
    <subfield code="7">0</subfield>
    <subfield code="a">SC</subfield>
    <subfield code="b">SC</subfield>
    <subfield code="c">CART</subfield>
    <subfield code="d">2026-03-31</subfield>
    <subfield code="e">Donaci&#xF3;n</subfield>
    <subfield code="g">10.00</subfield>
    <subfield code="o">613.2 / V75</subfield>
    <subfield code="p">SC0000002443</subfield>
    <subfield code="r">2026-03-31</subfield>
    <subfield code="y">LIBROS</subfield>
  </datafield>
</record>
